Statistics for US President's Anagrams

Click here to take the quiz!

General Stats

  • This quiz has been taken 34 times
  • The average score is 8 of 20

Answer Stats

Hint Answer % Correct
Hurry Starman (3)Harry S. Truman
68%
Ma Joins DamesJames Madison
57%
Solo Worn WidowWoodrow Wilson
57%
Jams Aged RifleJames Garfield
54%
Renames MojoJames Monroe
54%
Hairball ConmanAbraham Lincoln
50%
Owning Eager GhostGeorge Washington
46%
Arranged LoanRonald Reagan
43%
Throb Over HereHerbert Hoover
43%
Jean Ashcan BumJames Buchanan
39%
Devote Hero LootersTheodore Roosevelt
39%
Grief Dazed Johnny Knelt (3)John Fitzgerald Kennedy
39%
Clanged RevolverGrover Cleveland
36%
Immoral Elf DrillMillard Fillmore
29%
Nirvana Burnt Me (3)Martin Van Buren
29%
Irish Banjo MannerBenjamin Harrison
25%
Sad Renown JohnAndrew Johnson
25%
Bobs Marihuana Cakes (3)Barack Hussein Obama
18%
Honour Minx Clad Irish (3)Richard Milhous Nixon
14%
Elk Brews Roughage (3)George Walker Bush
11%

Score Distribution

Percentile by Number Answered

Percent of People with Each Score

Your Score History

You have not taken this quiz